Características de la educación y el analfabetismo en siete países de América Latina
Збережено в:
| Автори: | , , , |
|---|---|
| Формат: | Книга |
| Мова: | Іспанська |
| Опубліковано: |
Santiago
CIDE
1982
|
| Серія: | Documentos de Trabajo, 11
|
| Предмети: | |
| Теги: |
Додати тег
Немає тегів, Будьте першим, хто поставить тег для цього запису!
|
MARC
| LEADER | 00000nam a2200000 a 4500 | ||
|---|---|---|---|
| 001 | UCZ8112 | ||
| 003 | CL-VaPUC | ||
| 008 | 960112e19820000CL |||||||||||||||||spa|d | ||
| 082 | 0 | 4 | |a 379.24 |b SCH |2 21 |
| 100 | 0 | |a Schiefelbein F., Ernesto |e author |9 353265 | |
| 700 | 0 | |a Sánchez, Z |e author |9 353266 | |
| 700 | 0 | |a Corvalán, G |e author |9 353267 | |
| 700 | 0 | |a Cajías, B |e author |9 353268 | |
| 245 | 1 | 0 | |a Características de la educación y el analfabetismo en siete países de América Latina |
| 300 | |a 21 p | ||
| 942 | |c BK | ||
| 945 | |d 19960112 00:00:00 |a lriquelm | ||
| 260 | |a Santiago |b CIDE |c 1982 | ||
| 650 | 0 | |a Analfabetos |9 338926 | |
| 650 | 0 | |a Analfabetismo |9 324360 | |
| 650 | 0 | |a Alfabetización |9 310435 | |
| 650 | 7 | |a EDUCACION COMPARADA |2 CL-VaPUC |9 307694 | |
| 650 | 0 | |a Investigación educacional |9 261192 | |
| 650 | 0 | |a Estado y educación |9 311264 | |
| 651 | 0 | |a América Latina |9 255027 | |
| 583 | |a last modification |c 19960112 00:00:00 |k Rodrigo Vera | ||
| 490 | 0 | |a Documentos de Trabajo, 11 | |
| 999 | |c 244069 |d 244067 | ||
| 952 | |0 0 |1 0 |4 0 |6 379_240000000000000_SCH_1982 |7 0 |8 P |9 257996 |a BIBEDU |b BIBEDU |c BIBEDU_PB |d 2019-11-19 |i 2832305 |o 379.24 SCH 1982 |p 2832305 |r 2024-01-25 |w 2019-11-19 |y BK |k EDU | ||
| 952 | |0 0 |1 0 |4 0 |6 379_240000000000000_SCH_1982 |7 0 |8 P |9 257997 |a BIBEDU |b BIBEDU |c BIBEDU_PB |d 2019-11-19 |i 1630628 |o 379.24 SCH 1982 |p 1630628 |r 2024-01-25 |w 2019-11-19 |y BK |k EDU | ||